Handbook of Lymphoma

The Handbook of Lymphoma is an in-depth and comprehensive guide to the diagnosis, staging, treatment, and management of patients with the disease. The Handbook aims to provide healthcare professionals with an informative and up-to-date guide to the latest developments in the treatment of patients wi...

Full description

Bibliographic Details
Corporate Author: SpringerLink (Online service)
Other Authors: Younes, Anas (Editor)
Format: Electronic eBook
Language:English
Published: Cham : Springer International Publishing : Imprint: Adis, 2016.
Subjects:
Online Access:Full Text via HEAL-Link
LEADER 02902nam a22004335i 4500
001 978-3-319-08467-1
003 DE-He213
005 20160915103712.0
007 cr nn 008mamaa
008 160915s2016 gw | s |||| 0|eng d
020 |a 9783319084671  |9 978-3-319-08467-1 
024 7 |a 10.1007/978-3-319-08467-1  |2 doi 
040 |d GrThAP 
050 4 |a RC254-282 
072 7 |a MJCL  |2 bicssc 
072 7 |a MED062000  |2 bisacsh 
082 0 4 |a 616.994  |2 23 
245 1 0 |a Handbook of Lymphoma  |h [electronic resource] /  |c edited by Anas Younes. 
264 1 |a Cham :  |b Springer International Publishing :  |b Imprint: Adis,  |c 2016. 
300 |a XV, 112 p. 7 illus. in color.  |b online resource. 
336 |a text  |b txt  |2 rdacontent 
337 |a computer  |b c  |2 rdamedia 
338 |a online resource  |b cr  |2 rdacarrier 
347 |a text file  |b PDF  |2 rda 
505 0 |a Introduction -- Risk factors, etiology, and pathogenesis -- World Health Organization classification -- Staging -- Treatment overview -- Treatment of B-cell lymphomas -- Treatment of T-cell lymphomas -- Treatment of Hodgkin lymphoma -- Management of human immunodeficiency virus-associated lymphomas. 
520 |a The Handbook of Lymphoma is an in-depth and comprehensive guide to the diagnosis, staging, treatment, and management of patients with the disease. The Handbook aims to provide healthcare professionals with an informative and up-to-date guide to the latest developments in the treatment of patients with both Hodgkin and non-Hodgkin lymphoma. Lymphoma is a cancer of the lymphatic system and, as with other cancers, is a disease of the body's cells. Usually, cells divide in the body in an orderly and controlled manner, however when this process gets out of control and the cells carry on dividing in an abnormal manner a tumor can form known as lymphoma in one or more groups of lymph nodes. This field has seen increasing development in the available options for treating patients with lymphoma particularly in the recent emergence and approval of targeted therapies. In this clinically focused Handbook, the authors address these advances by looking at treatment recommendations for both Hodgkin and non-Hodgkin lymphoma, and also making suggestions on the future outlook for patients with this disease. This Handbook is an invaluable and educational source of topical information for all medical and healthcare professionals with an interest in lymphoma. 
650 0 |a Medicine. 
650 0 |a Hematology. 
650 0 |a Oncology. 
650 1 4 |a Medicine & Public Health. 
650 2 4 |a Oncology. 
650 2 4 |a Hematology. 
700 1 |a Younes, Anas.  |e editor. 
710 2 |a SpringerLink (Online service) 
773 0 |t Springer eBooks 
776 0 8 |i Printed edition:  |z 9783319084664 
856 4 0 |u http://dx.doi.org/10.1007/978-3-319-08467-1  |z Full Text via HEAL-Link 
912 |a ZDB-2-SME 
950 |a Medicine (Springer-11650)